• 首页
  • 本馆介绍
  • 公告通知
  • 最新文献
  • 馆藏检索
  • 电子资源
  • 读者导购
  • 参考咨询
  • 我的图书馆
  • 登录
  • 详细信息显示
  • 放入我的书架
  • 预约/预借图书
  • 作者相关作品
  • 分类相关作品
  • 丛书相关作品
  • 出版社相关作品

书目信息

  • 表格格式
  • 工作单格式
  • 卡片格式
题名:
中华推拿大成
    
 
作者: 王云凯 主编
分册:  
出版信息: 石家庄   河北科学技术出版社  2010.11
页数: 39,1266页
开本: 26cm
丛书名:
单 册:
中图分类: R244.1
科图分类: 62.272
主题词: 推拿 , 按摩疗法(中医)
电子资源:
ISBN: 978-7-5375-1342-5
000 01161nam0 2200421 450
000 01124nam0 2200409 450
000 01087nam0 2200397 450
000 01050nam0 2200385 450
000 01013nam0 2200373 450
000 00976nam0 2200361 450
000 00959nam0 2200361 450
000 00905nam0 2200337 450
000 00868nam0 2200325 450
000 00825nam0 2200313 450
000 00759nam0 2200301 450
000 00705nam0 2200277 450
000 00667nam0 2200265 450
000 00582nam0 22002291 450
001 0196038948
005 20110902082153.67
010    @a978-7-5375-1342-5@b精装@dCNY180.00
100    @a19960813d2010 emky0chiy0110 ea
101 0  @achi
102    @aCN@b110000
105    @ay z 001yy
200 1  @a中华推拿大成@9zhong hua tui na da cheng@f王云凯主编
210    @a石家庄@c河北科学技术出版社@d2010.11
215    @a39,1266页@d26cm
461  0 @12001
606 0  @a推拿
606 0  @a按摩疗法(中医)
690    @aR244.1@v5
692    @a62.272
701  0 @a王云凯@9wang yun kai@f(1939.11~)@4主编
801 0  @c20110902
905    @aBZT@dR244.1@e36
906    @d$88@n0@r1
    
    中华推拿大成/王云凯主编.-石家庄:河北科学技术出版社,2010.11
    39,1266页;26cm
    
    
    ISBN 978-7-5375-1342-5(精装):CNY180.00
    
●
相关链接 在五车中查询图书 在当当中查询图书 在豆瓣中查询图书


正题名:中华推拿大成     索取号:R244.1/36         预约/预借

序号 登录号 条形码 馆藏地/架位号 状态 备注
1 756293   2000756293   样本书库/样003架B面5层3列/ [索取号:R244.1/36] 在馆    
2 756294   2000756294   中心书库中库/ 中库003架A面3列5层52/ [索取号:R244.1/36] 在馆    
3 756295   2000756295   中心书库中库/ 中库003架A面3列5层54/ [索取号:R244.1/36] 在馆    
4 756296   2000756296   中心书库中库/ 中库003架A面3列6层20/ [索取号:R244.1/36] 在馆    
5 756297   2000756297   中心书库中库/ 中库003架A面3列5层53/ [索取号:R244.1/36] 在馆    
6 756298   2000756298   中心书库中库/ 中库003架A面3列6层19/ [索取号:R244.1/36] 在馆    
7 793339   2000793339   中心书库中库/ 中库003架A面3列6层17/ [索取号:R244.1/36] 在馆    
8 793340   2000793340   中心书库中库/ 中库003架A面3列6层18/ [索取号:R244.1/36] 在馆    
9 793341   2000793341   中心书库中库/ 中库003架A面3列6层16/ [索取号:R244.1/36] 在馆    
10 793342   2000793342   中心书库中库/ 中库003架A面3列6层15/ [索取号:R244.1/36] 在馆    
山东省滨州职业学院图书馆 欢迎您!
大连网信软件有限公司© 版权所有